00265nam a2200109Ia 4500008004100000020001800041100001900059245002400078260002700102300000800129650001800137191201s2019 xx 000 0 und d a9789386677471 aHILL, Napoleon 0aThink and Grow Rich aN.DelhibFawcett Books a233 aGeneral Books